| 000 | 00602cam a22002291 4500 | ||
|---|---|---|---|
| 001 | g 01001751 | ||
| 003 | DLC | ||
| 005 | 20260227111256.0 | ||
| 008 | 840411s1888 gw 000 0 ger | ||
| 010 | _ag 01001751 | ||
| 035 | _a(OCoLC)29095270 | ||
| 040 |
_aDLC _cMnU _dDLC |
||
| 042 | _apremarc | ||
| 043 | _ae-it--- | ||
| 050 | 0 | 0 |
_aHB41 _b.S7 |
| 100 | 1 |
_aSombart, Werner, _d1863-1941. |
|
| 245 | 0 | 4 | _aDie römische Campagna. |
| 260 |
_aLeipzig, _bDuncker & Humblot, _c1888. |
||
| 300 |
_aviii, 182 p. _c23 cm. |
||
| 651 | 0 |
_aItaly _xEconomic conditions. |
|
| 651 | 0 | _aCampagna di Roma (Italy) | |
| 999 |
_c23830 _d23830 |
||